[Event "1st Behin Bazafarin Alborz Internationa"]
[Site "?"]
[Date "2014.03.11"]
[Round "8.5"]
[White "Bajarani, Ulvi"]
[Black "Tabatabaee, Mohammadamin"]
[Result "1-0"]
[WhiteElo "2492"]
[BlackElo "2203"]
[PlyCount "135"]

1. c4 e5 2. g3 Nf6 3. Bg2 Nc6 4. d3 d5 5. cxd5 Nxd5 6. Nc3 Nb6 7. Nf3 Be7 8.
O-O O-O 9. a3 Be6 10. Be3 Nd5 11. Nxd5 Bxd5 12. Rc1 Nd4 13. Nxe5 Bxg2 14. Kxg2
Qd5+ 15. Nf3 Nxf3 16. exf3 c6 17. Qc2 Rfd8 18. Rcd1 Bf6 19. Rfe1 Rd7 20. Bxa7
h5 21. Be3 h4 22. h3 hxg3 23. fxg3 Qb5 24. Bc1 Rad8 25. a4 Qa6 26. d4 Rxd4 27.
Rxd4 Bxd4 28. h4 Bf6 29. Re2 Qd3 30. Qxd3 Rxd3 31. b4 Rb3 32. Re8+ Kh7 33. Re4
Bb2 34. Bd2 Ba3 35. Be1 f5 36. Rf4 Rb1 37. Kf2 c5 38. b5 g6 39. g4 Bc1 40. Rc4
Bb2 41. Ke2 Bd4 42. Rc2 Rb3 43. Bd2 fxg4 44. fxg4 Kg7 45. h5 gxh5 46. gxh5 b6
47. Bf4 Rb4 48. Ra2 c4 49. Bd6 Rb1 50. Rc2 c3 51. Kd3 Bf6 52. Kc4 Rb2 53. Rc1
Kh6 54. Bb4 Bg5 55. Rxc3 Kxh5 56. Rd3 Kg4 57. Bc3 Ra2 58. Kb3 Re2 59. Rd6 Be3
60. Bd4 Bxd4 61. Rxd4+ Kf5 62. Rd6 Re6 63. Rxe6 Kxe6 64. a5 Kd6 65. a6 Kc7 66.
Kc4 Kc8 67. Kd5 Kd7 68. a7 1-0

[Event "1st Behin Bazafarin Alborz Internationa"]
[Site "?"]
[Date "2014.03.11"]
[Round "8.2"]
[White "Mousavi, Seyed Khalil"]
[Black "Azaladze, Shota"]
[Result "1/2-1/2"]
[WhiteElo "2319"]
[BlackElo "2482"]
[PlyCount "71"]

1. Nf3 g6 2. c4 Bg7 3. g3 c5 4. Bg2 Nc6 5. Nc3 d6 6. O-O e5 7. d3 Nge7 8. Nd5
O-O 9. Rb1 Nxd5 10. cxd5 Nb4 11. Qb3 a5 12. a4 Bg4 13. Qc4 Qd7 14. b3 Rfb8 15.
Re1 b5 16. axb5 Bxf3 17. Bxf3 Qxb5 18. Bb2 f5 19. Qxb5 Rxb5 20. Red1 Rab8 21.
e4 Bh6 22. Ra1 Nc2 23. Ra2 fxe4 24. Bxe4 Rxb3 25. Bxe5 Nb4 26. Rb2 Rxb2 27.
Bxb2 Nc2 28. Bc3 a4 29. d4 cxd4 30. Bxd4 Nxd4 31. Rxd4 a3 32. Ra4 Re8 33. Bd3
Re1+ 34. Kg2 Ra1 35. Bc2 Ra2 36. Bb3 1/2-1/2

[Event "1st Behin Bazafarin Alborz Internationa"]
[Site "?"]
[Date "2014.03.11"]
[Round "8.7"]
[White "Golizadeh, Asghar"]
[Black "Mahdavirad, Mehdi"]
[Result "1-0"]
[WhiteElo "2508"]
[BlackElo "2303"]
[PlyCount "79"]
[EventDate "2014.??.??"]

1. d4 Nf6 2. c4 e5 3. dxe5 Ng4 4. Nf3 Bc5 5. e3 Nc6 6. Be2 O-O 7. Nc3 Ngxe5 8.
Nxe5 Nxe5 9. O-O Re8 10. b3 a5 11. Bb2 d6 12. Kh1 Bd7 13. Nd5 Ng6 14. Bg4 c6
15. Nc3 Qe7 16. Bxd7 Qxd7 17. Qf3 Ne5 18. Qg3 Qg4 19. Qxg4 Nxg4 20. Na4 Ba7 21.
h3 Nh6 22. Rfd1 Re6 23. Rd3 f5 24. Rad1 Nf7 25. g3 g5 26. Kg2 Kf8 27. Bc3 Ke7
28. c5 Bb8 29. cxd6+ Bxd6 30. Bd4 b5 31. Nc5 Bxc5 32. Bxc5+ Kf6 33. Rd7 a4 34.
b4 Kg6 35. Rc7 Rd8 36. Rxd8 Nxd8 37. Rc8 Nf7 38. Bd4 h5 39. h4 gxh4 40. gxh4
1-0

[Event "1st Behin Bazafarin Alborz Internationa"]
[Site "?"]
[Date "2014.03.11"]
[Round "8.8"]
[White "Toufighi, Homayoon"]
[Black "Ahmadinia, Ebrahim"]
[Result "1/2-1/2"]
[WhiteElo "2456"]
[BlackElo "2373"]
[PlyCount "191"]
[EventDate "2014.??.??"]

1. e4 d6 2. Nc3 g6 3. f4 Bg7 4. Nf3 c6 5. Be2 Nf6 6. O-O O-O 7. Qe1 Bg4 8. Qh4
Bxf3 9. Rxf3 e6 10. Rh3 h6 11. g4 Nh7 12. g5 e5 13. gxh6 Bf6 14. Qf2 exf4 15.
Qxf4 Bg5 16. Qg3 a5 17. d4 Nd7 18. Kh1 Bxc1 19. Rxc1 Qe7 20. Bd3 Kh8 21. Rg1
Rae8 22. Qg2 Ndf6 23. a4 Qc7 24. Rf3 Qe7 25. Rgf1 Ng8 26. Rh3 Qg5 27. Qf2 Qe7
28. Rh4 Qe6 29. Qg2 Qe7 30. Qf2 Qe6 31. Qg3 Ngf6 32. Qg2 Re7 33. b3 Qd7 34. Rh3
Ng8 35. Bc4 Rfe8 36. Bd3 Qc7 37. Qd2 Qb6 38. Qf2 Qb4 39. Ne2 Qd2 40. e5 dxe5
41. dxe5 Qg5 42. Nf4 Qxe5 43. Bxg6 Ng5 44. Rg3 Ne4 45. Bxe4 Qxe4+ 46. Rg2 Nxh6
47. Nh3 f5 48. Ng5 Qe5 49. Qh4 Qf6 50. Rfg1 Rg7 51. Qh5 Ree7 52. Rd2 Rg8 53.
Rf2 Reg7 54. Rfg2 Rf8 55. Ne4 Rxg2 56. Nxf6 Rxg1+ 57. Kxg1 Rxf6 58. Qe8+ Kh7
59. Qa8 Rf7 60. Qxa5 Ng4 61. Qe1 Kg6 62. Qe6+ Nf6 63. Kf2 Rh7 64. Kg3 Kg5 65.
a5 Ne4+ 66. Kg2 Kf4 67. a6 bxa6 68. Qxc6 Rg7+ 69. Kf1 Rh7 70. Qc4 a5 71. Qg8
Rd7 72. Ke1 Rd2 73. h4 Rxc2 74. h5 Ke3 75. Qg1+ Kf3 76. Kd1 Rg2 77. Qf1+ Rf2
78. Qh3+ Kf4 79. h6 Ra2 80. Kc1 Nf6 81. Qh4+ Ke5 82. h7 Nxh7 83. Qxh7 f4 84.
Kb1 Rg2 85. Qc7+ Kf5 86. Qxa5+ Kg4 87. Qb4 Kg3 88. Qd6 Kg4 89. Qg6+ Kf3 90.
Qd3+ Kf2 91. Kc1 f3 92. Kd1 Rg4 93. Qd2+ Kf1 94. Qe3 Rg3 95. Kd2 f2 96. Qxg3
1/2-1/2

[Event "1st  Behin Bazafarin Alborz Internation"]
[Site "Tehran"]
[Date "2014.03.13"]
[Round "9.1"]
[White "Noroozi, Omid"]
[Black "Benidze, Davit"]
[Result "1/2-1/2"]
[WhiteElo "2382"]
[BlackElo "2479"]
[Annotator "Microsoft"]
[PlyCount "134"]
[EventDate "2014.03.06"]

1. c4 g6 2. Nc3 Bg7 3. d4 c5 4. d5 d6 5. e4 Nf6 6. Bd3 O-O 7. h3 e6 8. Nf3 exd5
9. exd5 Re8+ 10. Be3 Rxe3+ 11. fxe3 Qe7 12. Qe2 Nbd7 13. O-O Ne5 14. Nxe5 Qxe5
15. Qf3 Qe7 16. Rae1 Nd7 17. Bc2 b6 18. Qf4 Ba6 19. Bd3 Re8 20. Rf2 Ne5 21. Bf1
Bc8 22. Qe4 Bf6 23. g3 Bg7 24. Qc2 h5 25. b3 f5 26. Ne2 h4 27. Bg2 Qg5 28. Nf4
Qxg3 29. Kh1 Bh6 30. Qe2 Bd7 31. Rg1 Ng4 32. hxg4 Bxf4 33. Bf1 Qxe3 34. gxf5
Bg3 35. Qg4 Qe4+ 36. Qxe4 Rxe4 37. Re2 Bxf5 38. Rxe4 Bxe4+ 39. Bg2 Bf5 40. Rf1
h3 41. Bxh3 Bxh3 42. Rf3 Bf5 43. Rxg3 Kf7 $11 44. Re3 Bb1 45. Re2 Kf6 46. Kg2
Kf5 47. Kg3 Be4 48. Rf2+ Ke5 49. Rf7 a6 50. Rb7 b5 51. cxb5 axb5 52. Rxb5 Kxd5
53. Rb6 c4 54. bxc4+ Kc5 55. Rb8 Bd3 56. a4 Bxc4 57. Kf4 Ba6 58. a5 Bb5 59. Rb6
Bc6 60. Rb8 Bb5 61. Ke3 d5 62. Rb6 Bc6 63. Rb8 Bb5 64. Ra8 d4+ 65. Kd2 g5 66.
a6 Kb6 67. a7 Ba6 1/2-1/2

[Event "1st  Behin Bazafarin Alborz Internation"]
[Site "Tehran"]
[Date "2014.03.13"]
[Round "9.2"]
[White "Mahjoob, Morteza"]
[Black "Rasulov, Vugar"]
[Result "0-1"]
[WhiteElo "2413"]
[BlackElo "2521"]
[PlyCount "68"]
[EventDate "2014.03.06"]

1. e4 c5 2. Nf3 d6 3. Bb5+ Nd7 4. O-O a6 5. Bd3 Ngf6 6. Re1 g6 7. b3 Bg7 8. Bb2
e5 9. a4 b6 10. c3 O-O 11. Bc2 Bb7 12. d4 exd4 13. cxd4 Re8 14. Nbd2 cxd4 15.
Bxd4 Nc5 16. Qb1 Ne6 17. Bb2 Rc8 18. b4 Nf4 19. Ra3 Qc7 20. Qa1 Qxc2 21. Bxf6
Bh6 22. Ra2 Qc7 23. Qb1 Qd7 24. Nf1 Qe6 25. Ba1 f6 26. Ng3 Rc4 27. Rd2 Bxe4 28.
Nxe4 Rxe4 29. Rxe4 Qxe4 30. Qb3+ d5 31. Rd1 Qc4 32. Qb2 Bg7 33. h3 Re2 34. Qa3
Rxf2 0-1

[Event "1st  Behin Bazafarin Alborz Internation"]
[Site "Tehran"]
[Date "2014.03.13"]
[Round "9.3"]
[White "Azaladze, Shota"]
[Black "Golizadeh, Asghar"]
[Result "1/2-1/2"]
[WhiteElo "2482"]
[BlackElo "2508"]
[Annotator "Microsoft"]
[PlyCount "31"]
[EventDate "2014.03.06"]

1. Nf3 c5 2. g3 Nc6 3. Bg2 g6 4. O-O Bg7 5. c3 Nf6 6. d4 cxd4 7. cxd4 d5 8. Nc3
O-O $11 9. Ne5 e6 10. Nxc6 bxc6 11. Bg5 h6 12. Bxf6 Qxf6 13. e3 e5 14. dxe5
Qxe5 15. Qa4 Rb8 16. Qxc6 1/2-1/2

[Event "1st  Behin Bazafarin Alborz Internationa"]
[Site "Tehran"]
[Date "2014.03.13"]
[Round "9.4"]
[White "Bajarani, Ulvi"]
[Black "Darban, Morteza"]
[Result "0-1"]
[WhiteElo "2492"]
[BlackElo "2365"]
[PlyCount "88"]
[EventDate "2014.03.06"]

1. e4 c5 2. Nf3 Nc6 3. d4 cxd4 4. Nxd4 g6 5. Nc3 Bg7 6. Be3 Nf6 7. Bc4 O-O 8.
Bb3 Qa5 9. O-O d6 10. h3 Bd7 11. Qd3 Ne5 12. Qe2 Bc6 13. f4 Ned7 14. Nxc6 bxc6
15. Qe1 Qc7 16. Kh1 Nb6 17. e5 dxe5 18. Bxb6 axb6 19. fxe5 Ne8 20. Qe4 e6 21.
Nb5 Qxe5 22. Qxc6 Nf6 23. Rae1 Qg3 24. Bxe6 fxe6 25. Qxe6+ Kh8 26. Nd6 Ng4 27.
Qxg4 Qxd6 28. Rxf8+ Rxf8 29. c3 h5 30. Qe2 Kh7 31. Kg1 Rf5 32. a3 Rd5 33. Qe6
Qc5+ 34. Qe3 Qxe3+ 35. Rxe3 Rd2 36. b4 Rc2 37. Kf1 Rxc3 38. Re6 Bd4 39. Rd6 Be3
40. a4 Ra3 41. Ke2 Bg1 42. a5 bxa5 43. bxa5 Rxa5 44. h4 Rf5 0-1

[Event "1st  Behin Bazafarin Alborz Internationa"]
[Site "Tehran"]
[Date "2014.03.13"]
[Round "9.5"]
[White "Lorparizangeneh, Shahin"]
[Black "Mousavi, Seyed Khalil"]
[Result "1/2-1/2"]
[WhiteElo "2246"]
[BlackElo "2319"]
[Annotator "Microsoft"]
[PlyCount "72"]
[EventDate "2014.03.06"]

1. d4 Nf6 2. c4 e6 3. Nc3 Bb4 4. Qc2 O-O 5. Nf3 c5 6. dxc5 Na6 7. g3 Nxc5 8.
Bg2 Nce4 9. O-O Nxc3 10. bxc3 Be7 11. e4 d6 12. e5 dxe5 13. Nxe5 Qc7 14. Qe2
Bd6 15. Bf4 Ne8 16. c5 Qxc5 17. c4 f6 $11 18. Nd3 Qc7 19. Bd2 e5 20. c5 Be7 21.
Rab1 Rb8 22. Qe4 g6 23. Nb4 Bf5 24. Qc4+ Kh8 25. Rbc1 Qd7 26. Be3 Qa4 27. g4
Bd7 28. Rfd1 Nc7 29. g5 a5 30. gxf6 Bxf6 31. Nd5 Qxc4 32. Rxc4 Be6 33. Rcc1
Nxd5 34. Bxd5 Bxd5 35. Rxd5 Rfd8 36. Rxd8+ Rxd8 1/2-1/2

[Event "1st  Behin Bazafarin Alborz Internationa"]
[Site "Tehran"]
[Date "2014.03.13"]
[Round "9.6"]
[White "Valizadeh, Ali"]
[Black "Toufighi, Homayoon"]
[Result "1-0"]
[WhiteElo "2198"]
[BlackElo "2456"]
[PlyCount "73"]
[EventDate "2014.03.06"]

1. d4 e6 2. c4 Nf6 3. g3 Be7 4. Bg2 O-O 5. e4 c5 6. d5 exd5 7. cxd5 d6 8. Nc3
Re8 9. Nge2 Bf8 10. a4 Nbd7 11. O-O a6 12. h3 Rb8 13. a5 g6 14. f4 Bg7 15. g4
h6 16. Ng3 b6 17. e5 dxe5 18. fxe5 Nxe5 19. g5 Nh7 20. gxh6 Bh8 21. axb6 Rxb6
22. Nge4 Rb4 23. d6 Bb7 24. Nd5 Nf3+ 25. Bxf3 Bd4+ 26. Nf2 Qh4 27. Bg2 Bxd5 28.
Bxd5 Qxh3 29. Qf3 Bxf2+ 30. Qxf2 Qg4+ 31. Bg2 f6 32. Rxa6 Re2 33. Qxe2 Qxe2 34.
Bd5+ Kh8 35. Ra8+ Nf8 36. Rxf8+ Kh7 37. Bg8+ 1-0

[Event "1st  Behin Bazafarin Alborz Internationa"]
[Site "Tehran"]
[Date "2014.03.13"]
[Round "9.7"]
[White "Sharbaf, Mohsen"]
[Black "Moghaddamian, Afshin"]
[Result "1-0"]
[WhiteElo "2434"]
[BlackElo "2179"]
[PlyCount "123"]
[EventDate "2014.03.06"]

1. d4 Nf6 2. Nc3 d5 3. Nf3 e6 4. Bf4 Be7 5. e3 O-O 6. Bd3 c5 7. O-O c4 8. Be2
Qb6 9. Rb1 Bb4 10. Na4 Qc6 11. c3 Bd6 12. b3 b5 13. Bxd6 Qxd6 14. Nc5 Nbd7 15.
b4 a5 16. a3 Ne4 17. Qc2 f5 18. Nxd7 Bxd7 19. Ra1 f4 20. exf4 Qxf4 21. Ne5 Be8
22. Bg4 Rf6 23. g3 Qd2 24. Qxd2 Nxd2 25. Rfe1 Ne4 26. Rac1 axb4 27. axb4 h5 28.
Bf3 Nd2 29. Bg2 Nb3 30. Rc2 Bg6 31. Nxg6 Rxg6 32. f4 Ra6 33. Bf3 h4 34. Kg2 Rf6
35. Ree2 hxg3 36. hxg3 Rb6 37. Bg4 Kh7 38. Re1 Kg6 39. Ra2 Kf7 40. Ra7+ Kf8 41.
Ra8+ Kf7 42. Bh5+ Ke7 43. Ra7+ Kf8 44. Rh1 Rh6 45. Ra8+ Ke7 46. Rg8 Ra6 47.
Rxg7+ Kd8 48. g4 Ra2+ 49. Kg3 Rc2 50. g5 Rxc3+ 51. Kg4 Rh8 52. g6 Nxd4 53. Ra1
Rg3+ 54. Kxg3 Nf5+ 55. Kg4 Nxg7 56. Ra8+ Kd7 57. Ra7+ Kd6 58. Rxg7 c3 59. Ra7
d4 60. g7 Rg8 61. Bg6 e5 62. Bd3 1-0

[Event "1st  Behin Bazafarin Alborz Internationa"]
[Site "Tehran"]
[Date "2014.03.13"]
[Round "9.9"]
[White "Ahmadinia, Ebrahim"]
[Black "Nadimifar, Adnan"]
[Result "1-0"]
[WhiteElo "2373"]
[BlackElo "2167"]
[PlyCount "171"]
[EventDate "2014.03.06"]

1. c4 Nf6 2. Nc3 g6 3. e4 d6 4. g3 Bg7 5. Bg2 O-O 6. Nge2 c5 7. O-O Nc6 8. d3
Ne8 9. Be3 Nd4 10. Qd2 Nc7 11. Bh6 Nxe2+ 12. Nxe2 e5 13. Be3 b5 14. b4 bxc4 15.
dxc4 cxb4 16. Qxb4 a5 17. Qa3 Be6 18. Rac1 Na6 19. Rfd1 Nb4 20. Qa4 Qc7 21. a3
Na6 22. Nc3 Nc5 23. Nd5 Qb7 24. Bxc5 dxc5 25. Rb1 Qa7 26. Rb2 Rab8 27. Rb5 Bd7
28. Qxa5 Ra8 29. Qxa7 Rxa7 30. Rxc5 Bg4 31. Ra1 Rfa8 32. Rb5 Be2 33. Rb2 Bd3
34. c5 Rc8 35. Rd1 Ba6 36. Rc2 Bb5 37. Rc3 Bf8 38. Rdc1 Bc6 39. Nb4 Ra5 40. f3
Bh6 41. Bh3 Rc7 42. Rd1 Bf8 43. Rdc1 Bh6 44. Rb1 Bf8 45. Kh1 Kg7 46. Bf1 f5 47.
Bd3 fxe4 48. fxe4 Ra8 49. Rbc1 Rac8 50. Kg1 Be7 51. Ba6 Rb8 52. Nd5 Ra7 53.
Nxe7 Rxa6 54. Nxc6 Rxc6 55. Kg2 Rb2+ 56. R1c2 Rb5 57. Kf3 Ra5 58. Ke3 Kf6 59.
Ra2 Ke6 60. a4 Kd7 61. Rd2+ Ke6 62. Ra2 Kd7 63. Rc4 Kc7 64. Rf2 h5 65. Rf7+ Kc8
66. Rg7 h4 67. gxh4 Raxc5 68. Rxc5 Rxc5 69. Rxg6 Rc3+ 70. Kf2 Kd7 71. h5 Rh3
72. h6 Ke7 73. Kg2 Rh5 74. a5 Kf7 75. a6 Kxg6 76. a7 Rg5+ 77. Kh1 Kxh6 78. a8=Q
Kh5 79. Qf8 Kg6 80. Qf3 Kh6 81. h4 Rg6 82. Qf8+ Kh5 83. Qf5+ Kh6 84. Qxe5 Rg4
85. Qf6+ Kh5 86. e5 1-0

[Event "1st  Behin Bazafarin Alborz Internationa"]
[Site "Tehran"]
[Date "2014.03.13"]
[Round "9.10"]
[White "Asgarizadeh, Ahmad"]
[Black "Derakhshani, Dorsa"]
[Result "0-1"]
[WhiteElo "2309"]
[BlackElo "2107"]
[PlyCount "86"]
[EventDate "2014.03.06"]

1. e4 e5 2. Nf3 Nc6 3. Bb5 a6 4. Ba4 Nf6 5. O-O b5 6. Bb3 Bb7 7. d3 Be7 8. a4
O-O 9. Nc3 Nd4 10. axb5 Nxb3 11. cxb3 axb5 12. Rxa8 Bxa8 13. Nxb5 d5 14. Nxe5
dxe4 15. dxe4 Bxe4 16. Bg5 Re8 17. h3 h6 18. Bh4 Qc8 19. Nc3 Bb7 20. Re1 Rd8
21. Qc2 Qa8 22. Ng6 Bd6 23. Bxf6 gxf6 24. Nh4 Bf4 25. Qf5 Bg5 26. Nf3 Bc8 27.
Qc5 Bxh3 28. Ne4 Be6 29. Nfxg5 fxg5 30. Qe5 Kh7 31. Qxc7 Qc8 32. Qe7 Kg7 33.
Qf6+ Kh7 34. b4 Qd7 35. Qe5 Qd4 36. Qc7 Qxb4 37. Re3 Rd1+ 38. Kh2 Qxb2 39. Rc3
Qe2 40. Ng3 Qxf2 41. Nh5 Qg1+ 42. Kg3 Qe1+ 43. Kh2 Qh1+ 0-1

[Event "1st  Behin Bazafarin Alborz Internationa"]
[Site "Tehran"]
[Date "2014.03.13"]
[Round "9.11"]
[White "Asgari, Morteza"]
[Black "Bagheri, Maziar"]
[Result "0-1"]
[WhiteElo "2279"]
[BlackElo "2088"]
[PlyCount "82"]
[EventDate "2014.03.06"]

1. e4 e5 2. Nf3 Nc6 3. Bb5 a6 4. Ba4 Nf6 5. O-O Be7 6. Re1 b5 7. Bb3 O-O 8. d3
d6 9. c3 Be6 10. Bc2 Re8 11. a4 h6 12. Nbd2 Bf8 13. d4 exd4 14. cxd4 Nb4 15.
Bb1 c5 16. h3 Bd7 17. d5 bxa4 18. Ra3 Bb5 19. Nh2 g6 20. Ng4 Nxg4 21. hxg4 c4
22. Rh3 Nd3 23. Bxd3 cxd3 24. Nf3 Bg7 25. Qd2 Rc8 26. Qf4 Qf6 27. Qe3 Rxc1 28.
Rxc1 Qxb2 29. Rh1 a3 30. Kh2 a2 31. Kg3 Qa3 32. e5 dxe5 33. Qe4 d2 34. Rcd1 Bd3
35. Qe3 e4 36. Nd4 Qd6+ 37. Kh3 Qxd5 38. Nb3 Bb1 39. Nxd2 a1=Q 40. Nb3 Qxd1 41.
Rxd1 Qb2 0-1

[Event "1st  Behin Bazafarin Alborz Internationa"]
[Site "Tehran"]
[Date "2014.03.13"]
[Round "9.12"]
[White "Khakpoor, Abbas"]
[Black "Asadi, Sadegh"]
[Result "0-1"]
[WhiteElo "2216"]
[BlackElo "2055"]
[PlyCount "50"]
[EventDate "2014.03.06"]

1. e4 c6 2. d3 d5 3. Nd2 e5 4. Ngf3 Bd6 5. Be2 Ne7 6. O-O O-O 7. exd5 cxd5 8.
c4 Nbc6 9. a3 Bc7 10. b4 d4 11. Re1 Ng6 12. Bf1 f5 13. b5 Nb8 14. c5 Nd7 15.
Qc2 Qf6 16. Nb3 h6 17. a4 Rd8 18. a5 Ndf8 19. Rb1 Be6 20. b6 axb6 21. axb6 Bb8
22. Bb2 Bd5 23. Nfd2 Qg5 24. Ra1 Bxg2 25. Bxg2 Nf4 0-1

[Event "1st  Behin Bazafarin Alborz Internationa"]
[Site "Tehran"]
[Date "2014.03.13"]
[Round "9.13"]
[White "Tabatabaei, M.Amin"]
[Black "Karimi, Yeganeh"]
[Result "1-0"]
[WhiteElo "2203"]
[BlackElo "1838"]
[PlyCount "55"]
[EventDate "2014.03.06"]

1. e4 e6 2. d4 d5 3. Nd2 Nf6 4. e5 Nfd7 5. f4 c5 6. c3 Nc6 7. Ndf3 cxd4 8. cxd4
Qb6 9. a3 Be7 10. b4 O-O 11. Bd3 f5 12. Bb2 a6 13. Ne2 Qc7 14. Rg1 Kh8 15. g4
g6 16. h4 Rg8 17. h5 fxg4 18. Rxg4 gxh5 19. Rxg8+ Kxg8 20. Ng3 Nf8 21. Nxh5 Bd8
22. Kd2 Qf7 23. Qh1 Ng6 24. Rg1 b5 25. Ng5 Bxg5 26. Rxg5 Kf8 27. Nf6 Ra7 28.
Bxg6 1-0

[Event "1st  Behin Bazafarin Alborz Internation"]
[Site "Tehran"]
[Date "2014.03.13"]
[Round "9.14"]
[White "Tavakolian, M."]
[Black "Galehdari, Bardia"]
[Result "0-1"]
[WhiteElo "2101"]
[BlackElo "2203"]
[PlyCount "138"]
[EventDate "2014.03.06"]

1. c4 Nf6 2. Nc3 c6 3. e4 e5 4. Nf3 d6 5. d4 Bg4 6. Be2 Nbd7 7. Be3 Be7 8. Qd2
O-O 9. h3 Bh5 10. O-O-O Bg6 11. dxe5 dxe5 12. Qc2 Qc7 13. Nd2 Rfc8 14. g4 a6
15. Nf1 Nc5 16. Ng3 Ne6 17. g5 Ne8 18. h4 Nd4 19. Qd2 f6 20. h5 Bf7 21. g6 Be6
22. h6 hxg6 23. hxg7 Nxg7 24. f4 Rd8 25. Qe1 exf4 26. Bxd4 fxg3 27. Rg1 Qf4+
28. Kb1 c5 29. Rf1 Qg5 30. Bg1 Rxd1+ 31. Qxd1 Rd8 32. Qb3 b5 33. Nd5 Bxd5 34.
cxd5 c4 35. Qf3 Qh5 36. Qe3 Qe5 37. Bf3 Rc8 38. Qa7 c3 39. Rc1 Qf4 40. Qe3 Bd6
41. bxc3 Rc4 42. Qe2 Ba3 43. Rc2 Bc5 44. Bxc5 Rxc5 45. Qd3 Qd6 46. Rg2 Qe5 47.
Kc2 Ne8 48. Kb3 Nd6 49. Qd4 Rc7 50. Qxe5 fxe5 51. Rxg3 Kf7 52. Bg2 Rc4 53. Re3
g5 54. Rf3+ Kg7 55. Rf2 g4 56. Rf1 a5 57. a3 a4+ 58. Kc2 Rc8 59. Kd3 Kg6 60.
Rg1 Rf8 61. Ke3 Kg5 62. Rh1 Nc4+ 63. Ke2 Nxa3 64. Rh7 Nc4 65. Rb7 Nd6 66. Rc7
Kh4 67. Re7 Kg3 68. Bh1 Rf2+ 69. Kd3 Nc4 0-1

[Event "1st  Behin Bazafarin Alborz Internationa"]
[Site "Tehran"]
[Date "2014.03.13"]
[Round "9.15"]
[White "Darini, Pouria"]
[Black "Mousavi, Sayed Milad"]
[Result "1-0"]
[WhiteElo "2510"]
[BlackElo "2143"]
[PlyCount "51"]
[EventDate "2014.03.06"]

1. e4 e6 2. d4 d5 3. Nc3 Nf6 4. Bg5 Be7 5. e5 Ne4 6. Nxe4 dxe4 7. Be3 c5 8.
dxc5 Qc7 9. Qd4 f5 10. exf6 Bxf6 11. Qc4 Nc6 12. c3 Qe5 13. Ne2 b5 14. cxb6 Na5
15. Qb4 axb6 16. Ng3 Bb7 17. Bb5+ Kf7 18. Bd4 Qf4 19. Bxf6 gxf6 20. Be2 Rhd8
21. O-O Rd6 22. f3 Qe3+ 23. Kh1 exf3 24. Bxf3 Rd2 25. Rae1 Qc5 26. Qf4 1-0

[Event "1st  Behin Bazafarin Alborz Internationa"]
[Site "Tehran"]
[Date "2014.03.14"]
[Round "10.2"]
[White "Darban, Morteza"]
[Black "Noroozi, Omid"]
[Result "0-1"]
[WhiteElo "2365"]
[BlackElo "2382"]
[PlyCount "108"]
[EventDate "2014.03.06"]

1. e4 c5 2. Nc3 Nc6 3. Nge2 d6 4. d4 cxd4 5. Nxd4 Nf6 6. Bg5 Bd7 7. Qd2 a6 8.
f4 e6 9. Nf3 Qa5 10. O-O-O O-O-O 11. Qe1 h6 12. Bxf6 gxf6 13. f5 Be7 14. Kb1
Kb8 15. g3 Rc8 16. Bh3 Rc7 17. Ne2 Qa4 18. Nc3 Qa5 19. Ne2 Qa4 20. Nc3 Qb4 21.
a3 Qa5 22. Ne2 Qb6 23. Qg1 Qb5 24. Nf4 d5 25. Bf1 Qa4 26. exd5 Nb4 27. Bd3 Nxc2
28. Qf2 Nxa3+ 29. bxa3 Bxa3 30. Qa2 Qb4+ 31. Ka1 Qc3+ 32. Kb1 Ba4 33. Ne2 Qb4+
34. Ka1 Bxd1 35. Rxd1 Bb2+ 36. Qxb2 Qa4+ 37. Qa2 Qxd1+ 38. Qb1 Qa4+ 39. Qa2 Qb4
40. Qb2 Qa5+ 41. Qa2 Qb6 42. fxe6 fxe6 43. Nfd4 Rc5 44. Qb2 Qa5+ 45. Kb1 Qe1+
46. Nc1 exd5 47. Ndb3 Rc3 48. Ka2 Rhc8 49. Bf5 R8c4 50. Bd3 Rxd3 51. Qxf6 Ra4+
52. Kb2 Rd2+ 53. Nxd2 Qxd2+ 54. Kb3 Qd1+ 0-1

[Event "1st  Behin Bazafarin Alborz Internationa"]
[Site "Tehran"]
[Date "2014.03.14"]
[Round "10.3"]
[White "Golizadeh, Asghar"]
[Black "Valizadeh, Ali"]
[Result "1-0"]
[WhiteElo "2508"]
[BlackElo "2198"]
[Annotator "Microsoft"]
[PlyCount "117"]
[EventDate "2014.03.06"]

1. e4 c6 2. d4 d5 3. exd5 cxd5 4. Bd3 Nf6 5. c3 Nc6 6. Bf4 g6 7. Nd2 Bg7 8.
Ngf3 O-O 9. h3 Nh5 10. Bh2 Bh6 11. O-O Nf4 12. Bc2 f6 $11 13. Re1 e5 14. dxe5
fxe5 15. Nxe5 Bxh3 16. Bxf4 Bxf4 17. Ndf3 Nxe5 18. Nxe5 Qb6 19. Qxd5+ Be6 20.
Qxe6+ Qxe6 21. Bb3 Qxb3 22. axb3 Bxe5 23. Rxe5 Rf7 24. Rd1 Rc8 25. f3 Rc6 26.
Kf2 Kg7 27. b4 Kf6 28. Ra5 b6 29. Rad5 Re7 30. Rd6+ Rxd6 31. Rxd6+ Ke5 32. Rd4
Rc7 33. Ke3 h5 34. g3 g5 35. Re4+ Kd5 36. Rd4+ Ke5 37. Re4+ Kd6 38. f4 Rg7 39.
Kf3 gxf4 40. Rxf4 Rg5 $11 41. Rf7 a5 42. Rf6+ Kc7 43. bxa5 Rxa5 44. Kg2 Ra2 45.
Rf2 Kc6 46. Kh3 Ra1 47. Rf6+ Kc7 48. Rf5 Rh1+ 49. Kg2 Re1 50. Rxh5 Re2+ 51. Kf3
Rxb2 52. Re5 Kd6 53. Re3 b5 54. g4 b4 55. cxb4 Rxb4 56. g5 Kd7 57. Kg3 Ra4 58.
Kh3 Ra1 59. Kg4 1-0

[Event "1st  Behin Bazafarin Alborz Internationa"]
[Site "Tehran"]
[Date "2014.03.14"]
[Round "10.4"]
[White "Galehdari, Bardia"]
[Black "Azaladze, Shota"]
[Result "0-1"]
[WhiteElo "2203"]
[BlackElo "2482"]
[PlyCount "92"]
[EventDate "2014.03.06"]

1. e4 g6 2. d4 Bg7 3. Nf3 d6 4. Nc3 c6 5. Be2 Nf6 6. h3 O-O 7. O-O Qc7 8. Re1
e5 9. Be3 Nbd7 10. Qd2 Re8 11. dxe5 dxe5 12. Rad1 b5 13. Bd3 a6 14. Bf1 Bb7 15.
Bg5 Nc5 16. Qd6 Qxd6 17. Rxd6 Nh5 18. a3 Bf8 19. Rd2 h6 20. Be3 Nf6 21. Bd3 a5
22. Ra1 Kg7 23. Rdd1 Bc8 24. Ne1 Be6 25. f3 Nfd7 26. Bf1 Be7 27. Nd3 h5 28.
Nxc5 Nxc5 29. g3 h4 30. g4 Reb8 31. Nd5 cxd5 32. exd5 Bxg4 33. hxg4 Bd6 34. g5
Na4 35. b4 Nc3 36. Bc5 Rd8 37. Bb6 Rdc8 38. Re1 axb4 39. axb4 Rxa1 40. Rxa1
Bxb4 41. Ba5 Nxd5 42. Bxb5 Rxc2 43. Bd3 Rd2 44. Be4 Bxa5 45. Rxa5 Nf4 46. Rxe5
h3 0-1

[Event "1st  Behin Bazafarin Alborz Internationa"]
[Site "Tehran"]
[Date "2014.03.14"]
[Round "10.5"]
[White "Sharbaf, Mohsen"]
[Black "Derakhshani, Dorsa"]
[Result "1-0"]
[WhiteElo "2434"]
[BlackElo "2107"]
[PlyCount "133"]
[EventDate "2014.03.06"]

1. Nf3 d5 2. e3 c5 3. b3 Nc6 4. Bb2 f6 5. Nh4 Nh6 6. f4 e5 7. Bb5 Bg4 8. Be2
Bxe2 9. Qxe2 exf4 10. O-O fxe3 11. Qh5+ Nf7 12. dxe3 Qd7 13. Nc3 Nce5 14. Rad1
Qg4 15. Qxg4 Nxg4 16. Nxd5 O-O-O 17. Nf5 Nd6 18. h3 Nxf5 19. Rxf5 Nh6 20. Rff1
Rg8 21. e4 Bd6 22. e5 fxe5 23. Bc1 Rgf8 24. Bg5 Rxf1+ 25. Rxf1 Rd7 26. Bxh6
gxh6 27. Rf5 c4 28. bxc4 Bc5+ 29. Kf1 b5 30. Ke2 bxc4 31. Nf6 Re7 32. Ne4 Ba3
33. Rf6 Rg7 34. g3 Rg6 35. Rf7 Rb6 36. Rxa7 Bc1 37. Ra4 Kd7 38. Rxc4 Ba3 39.
Ra4 Be7 40. Kd3 h5 41. Ra8 h4 42. g4 Rb1 43. Ra7+ Ke6 44. Ra6+ Kd7 45. Kc4 Rb4+
46. Kd3 Rb1 47. Ra5 Ke6 48. a4 Bd8 49. Ra6+ Kd7 50. Rd6+ Kc8 51. Kc4 Re1 52.
Kd5 Rd1+ 53. Kc6 Rc1 54. c3 Re1 55. Nc5 Be7 56. Re6 Kd8 57. Nb7+ Ke8 58. Nd6+
Kf8 59. Nf5 Bd8 60. Rd6 Ba5 61. Rd3 Rc1 62. Kd5 Bxc3 63. Ke6 Ke8 64. Rd7 e4 65.
Nd6+ Kf8 66. Rd8+ Kg7 67. Nf5+ 1-0

[Event "1st  Behin Bazafarin Alborz Internationa"]
[Site "Tehran"]
[Date "2014.03.14"]
[Round "10.6"]
[White "Ahmadinia, Ebrahim"]
[Black "Tabatabaei, M.Amin"]
[Result "1/2-1/2"]
[WhiteElo "2373"]
[BlackElo "2203"]
[Annotator "Microsoft"]
[PlyCount "110"]
[EventDate "2014.03.06"]

1. e4 c5 2. Nf3 d6 3. d4 cxd4 4. Nxd4 Nf6 5. f3 Nc6 6. c4 e6 7. Nc3 Be7 8. Nc2
O-O 9. Be3 d5 10. cxd5 exd5 11. exd5 Nb4 12. Bc4 Qc7 13. Bb3 Bc5 14. Bxc5 Qxc5
15. Nxb4 Re8+ 16. Kf1 Qxb4 17. Qd3 Qf4 18. Qc4 Qe3 19. Qe2 Qb6 20. Qd2 Bf5 21.
Rd1 Ng4 22. fxg4 Bxg4 23. Qd4 Bxd1 24. Qxb6 axb6 25. Nxd1 Re5 26. Kf2 Rae8 27.
Rf1 Rf5+ 28. Kg1 Rxf1+ 29. Kxf1 Kf8 30. Nc3 Ke7 31. Ba4 Rc8 32. Bb5 Kd6 33. Ke2
Ke5 34. Kd3 Rd8 35. Ba4 f5 36. Bd1 g5 37. g4 fxg4 38. Bxg4 h5 39. Be2 g4 40.
Ke3 Rf8 $11 41. a3 Rf5 42. Na4 Rf6 43. Nc3 Rf5 44. b3 Rf8 45. a4 Rc8 46. Ne4
Kxd5 47. Nf6+ Ke5 48. Nxh5 Rc3+ 49. Kf2 Rxb3 50. Ng3 Kf4 51. Bb5 Kg5 52. Kg2
Rb2+ 53. Ne2 Kh4 54. Kg1 Rb1+ 55. Kg2 Rb2 1/2-1/2